000 00207nam a22000857a 4500
008 250125b |||||||| |||| 00| 0 eng d
020 _a9789350334409
245 _aRichard III
260 _aNoida
_bMaple Press
_c2023
999 _c12732
_d12732